Arbeitsfenster-eine Moglichkeit zur Parameteroptimierung beim Ultraschallsweissen von Kunststoffen = Pracovné okno-možnosť optimalizácie parametrov pri ultrazvukovom zvarování plastických látok /

Guardado en:
Detalles Bibliográficos
Otros Autores: Havelka, B (Traductor)
Formato: Libro
Lenguaje:lenguas múltiples
Publicado: Bratislava : SlTK-Centrum VTI SR, 1994
Materias:
Etiquetas: Agregar Etiqueta
Sin Etiquetas, Sea el primero en etiquetar este registro!

MARC

LEADER 00000nam a22000003a 4500
001 stu44248
005 20150617225712.7
008 950214s1994----cs------------------mul-d
040 |a STU  |b slo 
041 0 |a mul 
044 |a cs 
080 |a 621.791.1 
100 1 |a Havelka, B  |4 trl 
245 1 |a Arbeitsfenster-eine Moglichkeit zur Parameteroptimierung beim Ultraschallsweissen von Kunststoffen = Pracovné okno-možnosť optimalizácie parametrov pri ultrazvukovom zvarování plastických látok /  |c Z nem. B. Havelka 
260 |a Bratislava :  |b SlTK-Centrum VTI SR,  |c 1994 
300 |a 5 s 
500 |a In: Schweissen und Schneiden, 42, 1990, Heft 4 
650 7 |a zváranie ultrazvukové  |2 stusub 
650 7 |a Látky plastické  |2 stusub 
650 7 |a preklady  |2 stusub 
996 |b MP 125  |c M*P-125  |l MMKN  |s A  |a 24  |w stu44248_0001